An outline of the history of metal cutting machines to the middle of the 19th century / (Record no. 4289)

MARC details
000 -LEADER
fixed length control field 01445nac a22002651u 4500
010 ## - LIBRARY OF CONGRESS CONTROL NUMBER
LC control number 84601704
082 ## - DEWEY DECIMAL CLASSIFICATION NUMBER
Classification number 621.90209
Item number Z18
090 ## - LOCALLY ASSIGNED LC-TYPE CALL NUMBER (OCLC); LOCAL CALL NUMBER (OCLC)
-- 4289
-- 4289
100 ## - MAIN ENTRY--PERSONAL NAME
Personal name Zagorskiĭ, F. N.
245 13 - TITLE STATEMENT
Title An outline of the history of metal cutting machines to the middle of the 19th century /
Statement of responsibility, etc F.N. Zagorskii ; translated from Russian ; translation updated by the editor, Edwin A. Battison ; [translator, S.P. Pedneker].
260 ## - PUBLICATION, DISTRIBUTION, ETC. (IMPRINT)
Place of publication, distribution, etc New Delhi :
Name of publisher, distributor, etc Published for the Smithsonian Institution Libraries and the National Science Foundation, Washington, D.C., by Amerind Pub. Co.,1982
Date of publication, distribution, etc 1982.
300 ## - PHYSICAL DESCRIPTION
Extent viii, 370 p., [6] p. of plates :
Other physical details ill. ;
Dimensions 25 cm.
500 ## - GENERAL NOTE
General note Translation of: Ocherki po istorii metallorezhushchikh stankov do serediny XIX veka.
500 ## - GENERAL NOTE
General note At head of title: Academy of Sciences of the USSR, Institute of the History of Natural Sciences and Technology.
500 ## - GENERAL NOTE
General note "TT 74-52036."
500 ## - GENERAL NOTE
General note Includes index.
504 ## - BIBLIOGRAPHY, ETC. NOTE
Bibliography, etc Bibliography: p. 331-335.
650 #0 - SUBJECT ADDED ENTRY--TOPICAL TERM
Topical term or geographic name as entry element Machine-tools
General subdivision History.
700 1# - ADDED ENTRY--PERSONAL NAME
Personal name Battison, Edwin A.
710 2# - ADDED ENTRY--CORPORATE NAME
Corporate name or jurisdiction name as entry element Smithsonian Institution.
Subordinate unit Libraries.
710 2# - ADDED ENTRY--CORPORATE NAME
Corporate name or jurisdiction name as entry element National Science Foundation (U.S.)
710 2# - ADDED ENTRY--CORPORATE NAME
Corporate name or jurisdiction name as entry element Institut istorii estestvoznaniiï¸ a︡ i tekhniki (Akademiiï¸ a︡ nauk SSSR)
942 ## - ADDED ENTRY ELEMENTS (KOHA)
Item type Book - Borrowing
Call number prefix 621.90209Z18
Holdings
Withdrawn status Item status Damaged status Not for loan Home library Current library Shelving location Date acquired Source of acquisition Total Checkouts Full call number Barcode Date last seen Koha item type
        Central Library Central Library First floor 03/09/2007 Purchase   621.90209 ZAG 000000152 15/07/2025 Book - Borrowing